An american dictionary of the english language (Registro nro. 36820)

Detalles MARC
000 -ENCABEZADO
Número de control [NR] 01555nam a2200253Ia 4500
008 - DE LONGITUD FIJA DE DATOS DE ELEMENTOS - INFORMACIÓN GENERAL
Elementos de longitud fija [NR] 130821s xxua grdd eng
040 ## - FUENTE DE CATALOGACION [NR]
Agencia de catalogación original [NR] Co-BoUCM
Idioma de catalogación [NR] spa
041 0# - CODIGO DE IDIOMA [R]
Código de idioma para texto/pista de sonido o título separado [R] Inglés
092 ## - SIGNATURA TOPOGRAFICA LOCAL
Número de clasificación local E19N086
100 1# - ASIENTO PRINCIPAL--NOMBRE PERSONAL [NR]
Nombre personal [NR] Webster, Noah
Fechas asociadas con el nombre [NR] 1758-1843
242 00 - TRADUCCION DEL TITULO POR LA AGENCIA CATALOGADORA [R]
Título [NR] Un diccionario americano del idioma Inglés
Mención de responsabilidad, etc. [NR] Por Noah Webster ; revisada y amplidada por Chauncey A. Goodrich
Código de idioma del título traducido [NR] spa
245 13 - MENCION DE TITULO [NR]
Título [NR] An american dictionary of the english language
Mención de responsabilidad, etc. [NR] by Noah Webster, LL. D. ; revise and enlarged by Chaunce A. Goodrich
246 13 - FORMA VARIANTE DEL TITULO [R]
Título propiamente dicho/forma breve del título [NR] [Un diccionario americano del idioma Inglés]
260 ## - PUBLICACION, DISTRIBUCION, ETC. (PIE DE IMPRENTA) [R]
Lugar de publicación, distribución, etc. [R] Chicago (Illinois, estados Unidos)
Nombre del editor, distribuidor, etc. [R] George M. Hill Compani
Fecha de publicación, distribución, etc. [R] [fecha desconocida]
300 ## - DESCRIPCION FISICA [R]
Extensión [R] lxxxiv, 1367?, [78] páginas
Otros detalles físicos [NR] ilustraciones
500 ## - NOTA GENERAL [R]
Nota general [NR] Detalles físicos: Encuadernación rígida en cartón forrado en cuero con repujados en pastas y lomo, Pastas y lomo casi desprendidos. Conserva guardas en papel de agua, Seguido de un retrato del autor. Dos páginas de banderas. Portada impresa a una sola tinta en varios tipos de letra. Texto impreso en dos y tres columnas en letra muy densa, acompañada de ilustraciones. Ultimas páginas enmarcadas. Cantos pintados. Portada con sellos de tinta uno de "El colegio Mayor de Nuestra Señora del Rosario" y otros dos de "Antonio J. Cadavid.
506 ## - NOTA DE RESTRICCIONES DE ACCESO [R]
Condiciones de acceso [NR] Consulta en sala.
650 04 - ASIENTO SECUNDARIO DE MATERIA - TERMINO TEMATICO [R]
Término temático o nombre geográfico como elemento de entrada [NR] Inglés
Subdivisión de forma [R] Diccionarios y enciclopedias
9 (RLIN) 7745
650 04 - ASIENTO SECUNDARIO DE MATERIA - TERMINO TEMATICO [R]
Término temático o nombre geográfico como elemento de entrada [NR] Lingüística aplicada
700 1# - ASIENTO SECUNDARIO - NOMBRE PERSONAL [R]
Nombre personal [NR] Goodrichv, Chauncey A.
700 1# - ASIENTO SECUNDARIO - NOMBRE PERSONAL [R]
Nombre personal [NR] Hill, George M.
942 ## - ELEMENTOS DE ENTRADA AGREGADOS (KOHA)
Tipo de ítem principal el descrito en 300a Libro
Tema principal Lingüística
Edición 1
Sistema de clasificación DEWEY
Clasificación 423
Existencias
Total préstamos Código de barras Última vez visto Volúmen / Fascículo Ejemplar Price effective from Tipo de ítem Perdido Sistema de clasificación Dañado No prestable Tipo de ítem específico Suprimido Ubicación habitual Ubicación actual Localización Fecha de creación Forma de adquisición Costo
  L002885 15/12/2012 E19N086 Ej.1 03/02/2013 Libro   DEWEY     Libro archivo     Archivo Histórico Archivo histórico 28/02/2014 Donación 0.00